| 000 | 01388cad a22002175a 4500 | ||
|---|---|---|---|
| 001 | L157353 | ||
| 008 | 121030e2012 xxk 000 0 eng d | ||
| 035 | _a(Sirsi) u157353 | ||
| 041 | 0 | _aeng | |
| 245 | 0 | 0 |
_aEdwards & Walkden (Norfolk) Ltd and ors v The Mayor and Commonalty and Citizens of the City of London _h[electronic resource] |
| 260 | _c2012 | ||
| 520 | _a[2012] EWHC 2527 (Ch), 12 September 2012. Courts will have strong regard to the original commercial arrangement between parties when fixing the terms for a new business tenancy. Determined whether tenants can renew their leases at a fixed rent without a variable service charge. Claimants E sought new tenancies as they wished to pay fully inclusive rents rather than variable service charges. Defendants C argued that it was fair that the claimant tenants should cover repair and maintenance costs. "Held": the court found in favour of the defendants: a variable charge was fair and reasonable. | ||
| 590 | _aKA | ||
| 650 | 2 | 4 | _aEDWARDS & WALKDEN (NORFOLK) LTD AND ORS V MAYOR AND COMMONALTY AND CITIZENS OF THE CITY OF LONDON |
| 650 | 2 | 4 | _aLANDLORD AND TENANT ACT 1954 |
| 650 | 2 | 4 | _aHYAMS V TITAN PROPERTIES LTD |
| 651 | 4 |
_aEngland and Wales _y1543- |
|
| 690 |
_aLandlord and tenant _96252 |
||
| 856 | 4 | 0 |
_uhttps://www.bailii.org/ew/cases/EWHC/Ch/2012/2527.html _zView the decision at www.bailii.org |
| 942 | _n0 | ||
| 999 |
_c84346 _d84346 |
||